[Event "Bundesliga 9900"]
[Site "Deutschland"]
[Date "2000.04.08"]
[Round "14.4"]
[White "Berndt, Stephan"]
[Black "David, Alberto"]
[Result "1/2-1/2"]
[WhiteElo "2500"]
[BlackElo "2544"]
[PlyCount "86"]
[EventDate "1999.10.09"]
[EventType "team"]
[EventRounds "15"]
[EventCountry "GER"]
[SourceTitle "Bundesliga 9900"]
[Source "DeepChess"]
[SourceDate "2005.01.01"]
[SourceVersion "1"]
[SourceVersionDate "2005.01.01"]
[SourceQuality "1"]
[WhiteTeam "SF Neukoelln 03 e.V."]
[BlackTeam "Godesberger SK 1929"]
[WhiteTeamCountry "GER"]
[BlackTeamCountry "GER"]

1. e4 c5 2. Nf3 e6 3. d4 cxd4 4. Nxd4 a6 5. Nc3 Qc7 6. Be2 Nf6 7. O-O Nc6 8.
Be3 Be7 9. f4 d6 10. a4 O-O 11. Kh1 Re8 12. a5 Nxa5 13. e5 dxe5 14. fxe5 Qxe5
15. Bf4 Qc5 16. Na4 Qa7 17. Bc7 b5 18. Nb6 Rb8 19. Bxb8 Qxb6 20. Be5 Nc4 21.
Bxc4 bxc4 22. Qf3 Bb7 23. Qf2 Qc5 24. Rae1 Rf8 25. Qg3 Nh5 26. Qg4 g6 27. Re3
Qd5 28. Rd1 Rd8 29. Ree1 Bh4 30. Rg1 Qxe5 31. Qxh4 Rd5 32. Nf3 Qf4 33. Qf2 Rxd1
34. Rxd1 Bd5 35. Ra1 Nf6 36. Qd4 Qf5 37. Rf1 Ng4 38. h3 Nf6 39. Nh2 Qxc2 40.
Rf2 Qb1+ 41. Rf1 Qc2 42. Rf2 Qb1+ 43. Rf1 Qc2 1/2-1/2

[Event "Bundesliga 9900"]
[Site "Deutschland"]
[Date "2000.04.08"]
[Round "14.5"]
[White "Kveinys, Aloyzas"]
[Black "Poldauf, Dirk"]
[Result "1-0"]
[WhiteElo "2515"]
[BlackElo "2453"]
[PlyCount "83"]
[EventDate "1999.10.09"]
[EventType "team"]
[EventRounds "15"]
[EventCountry "GER"]
[SourceTitle "Bundesliga 9900"]
[Source "DeepChess"]
[SourceDate "2005.01.01"]
[SourceVersion "1"]
[SourceVersionDate "2005.01.01"]
[SourceQuality "1"]
[WhiteTeam "Godesberger SK 1929"]
[BlackTeam "SF Neukoelln 03 e.V."]
[WhiteTeamCountry "GER"]
[BlackTeamCountry "GER"]

1. e4 e6 2. d3 b5 3. g3 Bb7 4. Bg2 c5 5. Nf3 d6 6. O-O Nf6 7. a4 a6 8. Nc3 b4
9. Nb1 Nbd7 10. Nbd2 Be7 11. b3 O-O 12. Bb2 d5 13. Re1 a5 14. e5 Ne8 15. h4 f5
16. exf6 Bxf6 17. Bxf6 Qxf6 18. Nf1 Nd6 19. N1h2 d4 20. Qd2 Rae8 21. Ng4 Qf5
22. Nge5 Nb6 23. Qg5 h6 24. Qxf5 exf5 25. Ng6 Rxe1+ 26. Rxe1 Re8 27. Rxe8+ Nxe8
28. Nfe5 Bxg2 29. Kxg2 Nd6 30. Kf3 Nd5 31. Nc6 Kf7 32. Nf4 Nc3 33. Nxa5 g5 34.
hxg5 hxg5 35. Nc4 Nxc4 36. dxc4 Nxa4 37. Nd3 Nc3 38. Nxc5 Kf6 39. g4 fxg4+ 40.
Kxg4 Nd1 41. Nd3 Nc3 42. Nxb4 1-0

[Event "Bundesliga 9900"]
[Site "Deutschland"]
[Date "2000.04.08"]
[Round "14.6"]
[White "Brynell, Stellan"]
[Black "Heinbuch, Detlef"]
[Result "1/2-1/2"]
[WhiteElo "2488"]
[BlackElo "2394"]
[PlyCount "107"]
[EventDate "1999.10.09"]
[EventType "team"]
[EventRounds "15"]
[EventCountry "GER"]
[SourceTitle "Bundesliga 9900"]
[Source "DeepChess"]
[SourceDate "2005.01.01"]
[SourceVersion "1"]
[SourceVersionDate "2005.01.01"]
[SourceQuality "1"]
[WhiteTeam "SF Neukoelln 03 e.V."]
[BlackTeam "Godesberger SK 1929"]
[WhiteTeamCountry "GER"]
[BlackTeamCountry "GER"]

1. e4 c6 2. d4 d5 3. exd5 cxd5 4. c4 Nf6 5. Nc3 e6 6. Nf3 Bb4 7. cxd5 Nxd5 8.
Qc2 Nc6 9. Be2 O-O 10. O-O Be7 11. Rd1 Bf6 12. Qe4 Nce7 13. Bd3 g6 14. Bh6 Re8
15. h4 Bd7 16. Ne5 Bc6 17. Nxd5 Qxd5 18. Nxc6 Nxc6 19. Qf4 Qxd4 20. Be4 Qe5 21.
Rd7 Qxf4 22. Bxf4 Re7 23. Rad1 Rxd7 24. Rxd7 Nd8 25. Bg5 Bxg5 26. hxg5 Rc8 27.
f4 Kf8 28. Kf2 Ke8 29. Rd1 Rc5 30. Rh1 b5 31. Rxh7 Rc1 32. Rh3 a5 33. Ra3 a4
34. Bd3 Rc5 35. Rc3 Rd5 36. Ke3 Kd7 37. Be4 Rd1 38. Rc5 b4 39. Rc4 Ra1 40. Rd4+
Ke7 41. Rxb4 Rxa2 42. Kd4 a3 43. Ra4 Rxb2 44. Rxa3 Rb4+ 45. Ke3 Rc4 46. Ra7+
Kd6 47. Kd3 Rc7 48. Rxc7 Kxc7 49. Kd4 Kd6 50. Bf3 Nc6+ 51. Bxc6 Kxc6 52. Ke5
Kd7 53. Kf6 Ke8 54. g4 1/2-1/2

[Event "Bundesliga 9900"]
[Site "Deutschland"]
[Date "2000.04.08"]
[Round "14.7"]
[White "Jackelen, Thomas"]
[Black "Polzin, Rainer"]
[Result "0-1"]
[WhiteElo "2368"]
[BlackElo "2475"]
[PlyCount "80"]
[EventDate "1999.10.09"]
[EventType "team"]
[EventRounds "15"]
[EventCountry "GER"]
[SourceTitle "Bundesliga 9900"]
[Source "DeepChess"]
[SourceDate "2005.01.01"]
[SourceVersion "1"]
[SourceVersionDate "2005.01.01"]
[SourceQuality "1"]
[WhiteTeam "Godesberger SK 1929"]
[BlackTeam "SF Neukoelln 03 e.V."]
[WhiteTeamCountry "GER"]
[BlackTeamCountry "GER"]

1. Nf3 Nf6 2. c4 g6 3. Nc3 Bg7 4. e4 d6 5. d4 O-O 6. Be2 e5 7. O-O Nc6 8. Be3
Re8 9. dxe5 dxe5 10. Qxd8 Rxd8 11. Nb5 Ne8 12. Rfd1 Rxd1+ 13. Rxd1 Bg4 14. c5
a6 15. Nc3 Bxf3 16. Bxf3 Nd4 17. Nd5 c6 18. Nb6 Rd8 19. Bxd4 exd4 20. Rd3 Nc7
21. Bg4 Re8 22. f3 a5 23. Na4 h5 24. Bh3 Na6 25. Kf1 Rd8 26. a3 Bf8 27. Rb3 d3
28. Ke1 Rd4 29. Nb6 Nxc5 30. Rc3 Ne6 31. Bxe6 fxe6 32. Nc4 a4 33. Kd1 g5 34.
Ne5 Bg7 35. Nc4 g4 36. Na5 Rd7 37. Rc4 Bxb2 38. Rxa4 Bc3 39. Nb3 gxf3 40. gxf3
Rg7 0-1

[Event "Bundesliga 9900"]
[Site "Deutschland"]
[Date "2000.04.08"]
[Round "14.6"]
[White "Hansen, Curt"]
[Black "Gustafsson, Jan"]
[Result "1/2-1/2"]
[WhiteElo "2607"]
[BlackElo "2436"]
[PlyCount "50"]
[EventDate "1999.10.09"]
[EventType "team"]
[EventRounds "15"]
[EventCountry "GER"]
[SourceTitle "Bundesliga 9900"]
[Source "DeepChess"]
[SourceDate "2005.01.01"]
[SourceVersion "1"]
[SourceVersionDate "2005.01.01"]
[SourceQuality "1"]
[WhiteTeam "SG Porz e.V."]
[BlackTeam "Hamburger SK 1830 e.V."]
[WhiteTeamCountry "GER"]
[BlackTeamCountry "GER"]

1. c4 e5 2. Nc3 Nf6 3. Nf3 Nc6 4. g3 Nd4 5. Bg2 Nxf3+ 6. Bxf3 Bb4 7. Qb3 Bc5 8.
O-O O-O 9. Na4 Be7 10. Rd1 c6 11. Nc3 d6 12. d4 Qc7 13. Bg2 Bf5 14. h3 exd4 15.
Rxd4 Nd7 16. Qd1 Nc5 17. Be3 a5 18. Rd2 Rfe8 19. b3 Rad8 20. Rc1 h6 21. h4 Bf8
22. Bd4 Ne6 23. Be3 Nc5 24. Bd4 Ne6 25. Be3 Nc5 1/2-1/2

[Event "Bundesliga 9900"]
[Site "Deutschland"]
[Date "2000.04.08"]
[Round "14.8"]
[White "Nijboer, Friso"]
[Black "Reeh, Oliver"]
[Result "1/2-1/2"]
[WhiteElo "2559"]
[BlackElo "2399"]
[PlyCount "79"]
[EventDate "1999.10.09"]
[EventType "team"]
[EventRounds "15"]
[EventCountry "GER"]
[SourceTitle "Bundesliga 9900"]
[Source "DeepChess"]
[SourceDate "2005.01.01"]
[SourceVersion "1"]
[SourceVersionDate "2005.01.01"]
[SourceQuality "1"]
[WhiteTeam "SG Porz e.V."]
[BlackTeam "Hamburger SK 1830 e.V."]
[WhiteTeamCountry "GER"]
[BlackTeamCountry "GER"]

1. e4 c5 2. Nf3 Nc6 3. d4 cxd4 4. Nxd4 g6 5. c4 Bg7 6. Be3 Nf6 7. Nc3 O-O 8.
Be2 d6 9. O-O Nxd4 10. Bxd4 Bd7 11. Re1 Bc6 12. Bd3 a5 13. Qd2 a4 14. b4 axb3
15. axb3 Nd7 16. Bxg7 Kxg7 17. b4 b6 18. Rac1 Re8 19. Bf1 Qb8 20. Nd5 e5 21.
Rc3 h5 22. Rd3 Nf8 23. Qg5 Bxd5 24. cxd5 Nh7 25. Qc1 Ra4 26. Qb2 Qa7 27. Rd2
Rc8 28. Bb5 Ra3 29. Bc6 Nf6 30. h3 h4 31. f4 b5+ 32. Kh2 exf4 33. e5 dxe5 34.
Qxe5 Re3 35. Rxe3 Qxe3 36. Qxe3 fxe3 37. Re2 Ne4 38. Rxe3 Nd6 39. Ra3 Kf6 40.
g3 1/2-1/2

[Event "Bundesliga 9900"]
[Site "Deutschland"]
[Date "2000.04.08"]
[Round "14.2"]
[White "Sax, Gyula"]
[Black "Hansen, Lars Bo"]
[Result "1-0"]
[WhiteElo "2588"]
[BlackElo "2564"]
[PlyCount "69"]
[EventDate "1999.10.09"]
[EventType "team"]
[EventRounds "15"]
[EventCountry "GER"]
[SourceTitle "Bundesliga 9900"]
[Source "DeepChess"]
[SourceDate "2005.01.01"]
[SourceVersion "1"]
[SourceVersionDate "2005.01.01"]
[SourceQuality "1"]
[WhiteTeam "PSV Turm Duisburg 1920 e.V."]
[BlackTeam "Luebecker SV von 1873 "]
[WhiteTeamCountry "GER"]
[BlackTeamCountry "GER"]

1. e4 e6 2. d4 d5 3. Nc3 Bb4 4. e5 Ne7 5. a3 Bxc3+ 6. bxc3 b6 7. Qg4 Ng6 8.
Bb5+ c6 9. Bd3 Ba6 10. Nf3 Qc7 11. O-O Bxd3 12. cxd3 Nd7 13. a4 h6 14. h4 O-O-O
15. Ba3 Rde8 16. Bd6 Qd8 17. c4 Nf6 18. exf6 Qxd6 19. h5 Nf4 20. Ne5 gxf6 21.
Nxf7 Qc7 22. Nxh8 f5 23. Qf3 Rxh8 24. Rfe1 Rg8 25. g3 dxc4 26. dxc4 Nh3+ 27.
Kg2 Ng5 28. Qf4 Qf7 29. a5 Kb7 30. axb6 axb6 31. Re3 Ra8 32. Rxa8 Kxa8 33. Qd6
Kb7 34. d5 cxd5 35. cxd5 1-0

[Event "Bundesliga 9900"]
[Site "Deutschland"]
[Date "2000.04.08"]
[Round "14.4"]
[White "Kraut, Rainer"]
[Black "Kalinitschew, Sergey"]
[Result "1/2-1/2"]
[WhiteElo "2453"]
[BlackElo "2524"]
[PlyCount "59"]
[EventDate "1999.10.09"]
[EventType "team"]
[EventRounds "15"]
[EventCountry "GER"]
[SourceTitle "Bundesliga 9900"]
[Source "DeepChess"]
[SourceDate "2005.01.01"]
[SourceVersion "1"]
[SourceVersionDate "2005.01.01"]
[SourceQuality "1"]
[WhiteTeam "PSV Turm Duisburg 1920 e.V."]
[BlackTeam "Luebecker SV von 1873 "]
[WhiteTeamCountry "GER"]
[BlackTeamCountry "GER"]

1. e4 c5 2. Nf3 Nc6 3. Bb5 e6 4. O-O Nge7 5. Re1 Ng6 6. c3 a6 7. Bf1 Nh4 8.
Nxh4 Qxh4 9. d4 cxd4 10. cxd4 e5 11. d5 Nd4 12. Be3 Bc5 13. Nd2 O-O 14. Nf3
Nxf3+ 15. Qxf3 Bxe3 16. Qxe3 d6 17. Qb6 Qh6 18. Bd3 f5 19. exf5 Bxf5 20. Bxf5
Rxf5 21. Qxb7 Raf8 22. Re2 Qh4 23. Rf1 Qc4 24. Rd2 e4 25. Qb3 Qxb3 26. axb3 e3
27. Re2 Rxd5 28. fxe3 Rxf1+ 29. Kxf1 Rd3 30. Kf2 1/2-1/2

[Event "Bundesliga 9900"]
[Site "Deutschland"]
[Date "2000.04.08"]
[Round "14.5"]
[White "Lau, Ralf"]
[Black "Thesing, Matthias"]
[Result "1/2-1/2"]
[WhiteElo "2460"]
[BlackElo "2444"]
[PlyCount "52"]
[EventDate "1999.10.09"]
[EventType "team"]
[EventRounds "15"]
[EventCountry "GER"]
[SourceTitle "Bundesliga 9900"]
[Source "DeepChess"]
[SourceDate "2005.01.01"]
[SourceVersion "1"]
[SourceVersionDate "2005.01.01"]
[SourceQuality "1"]
[WhiteTeam "Luebecker SV von 1873 "]
[BlackTeam "PSV Turm Duisburg 1920 e.V."]
[WhiteTeamCountry "GER"]
[BlackTeamCountry "GER"]

1. e4 c5 2. Nc3 e6 3. f4 d5 4. Bb5+ Bd7 5. Qe2 dxe4 6. Nxe4 Nc6 7. Nf3 Nh6 8.
c3 Be7 9. O-O O-O 10. Kh1 Ng4 11. Bd3 Qc7 12. Bc2 Rae8 13. d3 f5 14. Nf2 Nf6
15. Nh3 Bd6 16. Bb3 Nd5 17. Qf2 Nf6 18. Bd2 Ng4 19. Qg3 Ne7 20. Rae1 Ng6 21.
Nfg5 Rf6 22. Re2 b5 23. Rfe1 c4 24. dxc4 bxc4 25. Bc2 h6 26. Nf3 Ref8 1/2-1/2

[Event "Bundesliga 9900"]
[Site "Deutschland"]
[Date "2000.04.08"]
[Round "14.6"]
[White "Machelett, Heiko"]
[Black "Mortensen, Erling"]
[Result "1-0"]
[WhiteElo "2380"]
[BlackElo "2445"]
[PlyCount "61"]
[EventDate "1999.10.09"]
[EventType "team"]
[EventRounds "15"]
[EventCountry "GER"]
[SourceTitle "Bundesliga 9900"]
[Source "DeepChess"]
[SourceDate "2005.01.01"]
[SourceVersion "1"]
[SourceVersionDate "2005.01.01"]
[SourceQuality "1"]
[WhiteTeam "PSV Turm Duisburg 1920 e.V."]
[BlackTeam "Luebecker SV von 1873 "]
[WhiteTeamCountry "GER"]
[BlackTeamCountry "GER"]

1. d4 Nf6 2. c4 g6 3. Nc3 Bg7 4. Nf3 d6 5. g3 O-O 6. Bg2 c6 7. O-O Qa5 8. e4
Bg4 9. h3 Bxf3 10. Qxf3 Nfd7 11. Rd1 a6 12. Rb1 c5 13. dxc5 dxc5 14. e5 Nc6 15.
Rxd7 Nxe5 16. Qd1 Nxd7 17. Qxd7 Rad8 18. Qg4 Bxc3 19. bxc3 Qxa2 20. Rb2 Qa1 21.
Rc2 Rd3 22. Qe2 Rd6 23. Kh2 Re6 24. Be3 b6 25. Bd5 Re5 26. Qd2 e6 27. Bg2 b5
28. Bh6 Qe1 29. Qd6 Re8 30. Qd7 Rb8 31. Rd2 1-0

[Event "Bundesliga 9900"]
[Site "Deutschland"]
[Date "2000.04.08"]
[Round "14.7"]
[White "Cladouras, Panagiotis"]
[Black "Zude, Arno"]
[Result "0-1"]
[WhiteElo "2335"]
[BlackElo "2372"]
[PlyCount "82"]
[EventDate "1999.10.09"]
[EventType "team"]
[EventRounds "15"]
[EventCountry "GER"]
[SourceTitle "Bundesliga 9900"]
[Source "DeepChess"]
[SourceDate "2005.01.01"]
[SourceVersion "1"]
[SourceVersionDate "2005.01.01"]
[SourceQuality "1"]
[WhiteTeam "Luebecker SV von 1873 "]
[BlackTeam "PSV Turm Duisburg 1920 e.V."]
[WhiteTeamCountry "GER"]
[BlackTeamCountry "GER"]

1. e4 e5 2. Nf3 Nc6 3. Bb5 a6 4. Ba4 d6 5. Bxc6+ bxc6 6. d4 f6 7. h3 Ne7 8. Nc3
Ng6 9. Be3 Be7 10. Qd2 Bd7 11. Ne2 Qb8 12. b3 Qb7 13. Ng3 d5 14. dxe5 fxe5 15.
O-O-O Be6 16. Nf5 Bf6 17. Ng3 O-O-O 18. Qe1 d4 19. Bg5 h5 20. Ne2 c5 21. c4
Qxe4 22. Ng3 Qxe1 23. Rhxe1 h4 24. Ne4 Rdf8 25. Nxc5 Bf5 26. Bd2 Be7 27. Ne4
Bxh3 28. gxh3 Rxf3 29. Rg1 Nf4 30. Bxf4 Rxf4 31. Rde1 g5 32. Rg4 Rf3 33. Rh1
Rhf8 34. Kd1 d3 35. Ke1 R8f4 36. Rxf4 Rxf4 37. Nd2 Bb4 38. Rg1 e4 39. Rxg5
Bxd2+ 40. Kxd2 Rxf2+ 41. Kc3 Rc2+ 0-1

[Event "Bundesliga 9900"]
[Site "Deutschland"]
[Date "2000.04.08"]
[Round "14.8"]
[White "Kummerow, Heiko"]
[Black "Sieg, Ulrich"]
[Result "1-0"]
[WhiteElo "2319"]
[BlackElo "2304"]
[PlyCount "51"]
[EventDate "1999.10.09"]
[EventType "team"]
[EventRounds "15"]
[EventCountry "GER"]
[SourceTitle "Bundesliga 9900"]
[Source "DeepChess"]
[SourceDate "2005.01.01"]
[SourceVersion "1"]
[SourceVersionDate "2005.01.01"]
[SourceQuality "1"]
[WhiteTeam "PSV Turm Duisburg 1920 e.V."]
[BlackTeam "Luebecker SV von 1873 "]
[WhiteTeamCountry "GER"]
[BlackTeamCountry "GER"]

1. e4 Nf6 2. e5 Nd5 3. d4 d6 4. Nf3 Bg4 5. Be2 c6 6. O-O Bxf3 7. Bxf3 dxe5 8.
dxe5 e6 9. Nd2 Nd7 10. Nc4 Qb8 11. Nd6+ Bxd6 12. exd6 Nc5 13. Bxd5 cxd5 14. Bf4
Nd7 15. Qg4 g6 16. Rad1 O-O 17. Rfe1 Re8 18. Rd3 Qd8 19. Rh3 Rc8 20. Bg5 Qb6
21. Qh4 h5 22. Qg3 Qxb2 23. Rxh5 Rxc2 24. Bf4 Qd4 25. Rg5 Qc3 26. Rxg6+ 1-0

[Event "Bundesliga 9900"]
[Site "Deutschland"]
[Date "2000.04.08"]
[Round "14.1"]
[White "Khenkin, Igor"]
[Black "Hracek, Zbynek"]
[Result "1/2-1/2"]
[WhiteElo "2633"]
[BlackElo "2629"]
[PlyCount "62"]
[EventDate "1999.10.09"]
[EventType "team"]
[EventRounds "15"]
[EventCountry "GER"]
[SourceTitle "Bundesliga 9900"]
[Source "DeepChess"]
[SourceDate "2005.01.01"]
[SourceVersion "1"]
[SourceVersionDate "2005.01.01"]
[SourceQuality "1"]
[WhiteTeam "TV Tegernsee"]
[BlackTeam "SAbt SV Werder Bremen"]
[WhiteTeamCountry "GER"]
[BlackTeamCountry "GER"]

1. d4 Nf6 2. c4 e6 3. Nf3 b6 4. a3 Bb7 5. Nc3 d5 6. cxd5 Nxd5 7. e3 g6 8. Bd3
Bg7 9. Nxd5 Qxd5 10. Qc2 c5 11. e4 Qd6 12. dxc5 Qxc5 13. Qxc5 bxc5 14. Bd2 Ba6
15. Bxa6 Nxa6 16. e5 Rd8 17. O-O-O Rd5 18. Rhe1 Nb8 19. Re4 Nc6 20. Bc3 Ke7 21.
Rc4 Rhd8 22. Rxd5 Rxd5 23. Re4 h6 24. h4 g5 25. hxg5 hxg5 26. Ra4 g4 27. Rxg4
Bxe5 28. Nxe5 Nxe5 29. Ra4 Nc6 30. g4 Rd3 31. Bd2 Rd4 1/2-1/2

[Event "Bundesliga 9900"]
[Site "Deutschland"]
[Date "2000.04.08"]
[Round "14.2"]
[White "Babula, Vlastimil"]
[Black "Beim, Valery"]
[Result "1/2-1/2"]
[WhiteElo "2567"]
[BlackElo "2559"]
[PlyCount "73"]
[EventDate "1999.10.09"]
[EventType "team"]
[EventRounds "15"]
[EventCountry "GER"]
[SourceTitle "Bundesliga 9900"]
[Source "DeepChess"]
[SourceDate "2005.01.01"]
[SourceVersion "1"]
[SourceVersionDate "2005.01.01"]
[SourceQuality "1"]
[WhiteTeam "SAbt SV Werder Bremen"]
[BlackTeam "TV Tegernsee"]
[WhiteTeamCountry "GER"]
[BlackTeamCountry "GER"]

1. d4 d6 2. Nf3 g6 3. c4 f5 4. Nc3 Nf6 5. g3 Bg7 6. Bg2 O-O 7. O-O c6 8. d5 Bd7
9. Rb1 Na6 10. b4 Qe8 11. dxc6 bxc6 12. b5 cxb5 13. cxb5 Nc5 14. a4 Rc8 15. Nd4
Nce4 16. Nxe4 Nxe4 17. Bb2 Qf7 18. e3 Qa2 19. Nc6 Bxc6 20. Bxg7 Nc3 21. Bxc3
Bxg2 22. Kxg2 Rxc3 23. Qd4 Rc5 24. Rfc1 Rfc8 25. Rxc5 Rxc5 26. Rb2 Qa1 27. Rb4
Rc1 28. Qd5+ Kg7 29. Qe6 Rg1+ 30. Kh3 Qf6 31. Qxf6+ Kxf6 32. g4 fxg4+ 33. Rxg4
Ra1 34. Rc4 e6 35. Kg2 g5 36. h3 d5 37. Rc7 1/2-1/2

[Event "Bundesliga 9900"]
[Site "Deutschland"]
[Date "2000.04.08"]
[Round "14.3"]
[White "Hertneck, Gerald"]
[Black "Pelletier, Yannick"]
[Result "1/2-1/2"]
[WhiteElo "2561"]
[BlackElo "2479"]
[PlyCount "30"]
[EventDate "1999.10.09"]
[EventType "team"]
[EventRounds "15"]
[EventCountry "GER"]
[SourceTitle "Bundesliga 9900"]
[Source "DeepChess"]
[SourceDate "2005.01.01"]
[SourceVersion "1"]
[SourceVersionDate "2005.01.01"]
[SourceQuality "1"]
[WhiteTeam "TV Tegernsee"]
[BlackTeam "SAbt SV Werder Bremen"]
[WhiteTeamCountry "GER"]
[BlackTeamCountry "GER"]

1. c4 Nf6 2. Nc3 c5 3. g3 e6 4. Nf3 b6 5. Bg2 Bb7 6. O-O Be7 7. Re1 Ne4 8. Qc2
Nxc3 9. dxc3 d6 10. Bf4 Qc7 11. Rad1 Nc6 12. e4 Ne5 13. Bc1 O-O-O 14. Nxe5 dxe5
15. Qe2 Rxd1 1/2-1/2

[Event "Bundesliga 9900"]
[Site "Deutschland"]
[Date "2000.04.08"]
[Round "14.4"]
[White "Knaak, Rainer"]
[Black "Teske, Henrik"]
[Result "1-0"]
[WhiteElo "2505"]
[BlackElo "2510"]
[PlyCount "87"]
[EventDate "1999.10.09"]
[EventType "team"]
[EventRounds "15"]
[EventCountry "GER"]
[SourceTitle "Bundesliga 9900"]
[Source "DeepChess"]
[SourceDate "2005.01.01"]
[SourceVersion "1"]
[SourceVersionDate "2005.01.01"]
[SourceQuality "1"]
[WhiteTeam "SAbt SV Werder Bremen"]
[BlackTeam "TV Tegernsee"]
[WhiteTeamCountry "GER"]
[BlackTeamCountry "GER"]

1. d4 d5 2. c4 c6 3. Nf3 Nf6 4. Nc3 dxc4 5. a4 Bf5 6. Nh4 Be6 7. e4 g6 8. Nf3
Bg7 9. Ng5 Qd7 10. Be2 O-O 11. O-O Na6 12. Nxe6 Qxe6 13. e5 Nd5 14. Ne4 Ndb4
15. Ng5 Qd5 16. Be3 Rac8 17. Bf3 Qa5 18. Qe2 Nd3 19. b3 c5 20. Bd2 Qc7 21. bxc4
Ndb4 22. Rab1 h6 23. Nh3 e6 24. d5 exd5 25. e6 dxc4 26. Qxc4 fxe6 27. Nf4 Qf7
28. Bg4 Nc7 29. Qxc5 Nbd5 30. Nxd5 Nxd5 31. Qxa7 b6 32. Qa6 Kh7 33. Qe2 Rc6 34.
Bf3 Bd4 35. h4 Nc3 36. Bxc3 Rxc3 37. h5 gxh5 38. Qe4+ Qg6 39. Qxd4 Rcxf3 40.
Rxb6 R3f6 41. a5 R8f7 42. a6 Rf4 43. Qe3 Rg4 44. Rxe6 1-0

[Event "Bundesliga 9900"]
[Site "Deutschland"]
[Date "2000.04.08"]
[Round "14.5"]
[White "Schmittdiel, Eckhard"]
[Black "Schandorff, Lars"]
[Result "0-1"]
[WhiteElo "2505"]
[BlackElo "2514"]
[PlyCount "114"]
[EventDate "1999.10.09"]
[EventType "team"]
[EventRounds "15"]
[EventCountry "GER"]
[SourceTitle "Bundesliga 9900"]
[Source "DeepChess"]
[SourceDate "2005.01.01"]
[SourceVersion "1"]
[SourceVersionDate "2005.01.01"]
[SourceQuality "1"]
[WhiteTeam "TV Tegernsee"]
[BlackTeam "SAbt SV Werder Bremen"]
[WhiteTeamCountry "GER"]
[BlackTeamCountry "GER"]

1. e4 c5 2. c3 Nf6 3. e5 Nd5 4. d4 cxd4 5. Nf3 e6 6. cxd4 d6 7. Nc3 dxe5 8.
Nxe5 Nc6 9. Bb5 Bd7 10. Nf3 Be7 11. O-O O-O 12. Bc4 Nb6 13. Bb3 Nb4 14. Ne5 Nc6
15. Be3 Nxe5 16. dxe5 Bc6 17. Qg4 Qd3 18. Rac1 Qg6 19. Qh3 h5 20. f4 Rad8 21.
Rf2 Qf5 22. Qxf5 exf5 23. Re2 Rd3 24. Bf2 g6 25. e6 f6 26. Kf1 Ra8 27. a4 Kf8
28. Rec2 Rad8 29. a5 Nc8 30. Bc4 Rd2 31. a6 Rxc2 32. Rxc2 bxa6 33. Bxa6 Nb6 34.
Bb5 Bb7 35. g3 Bd6 36. Be2 Bc6 37. Nb5 Bxb5 38. Bxb5 Rc8 39. Re2 Ke7 40. b3
Rc1+ 41. Kg2 Bc5 42. Ra2 Kxe6 43. Be8 g5 44. fxg5 fxg5 45. Bxh5 Bxf2 46. Kxf2
Rc7 47. Be2 Kf6 48. Ra5 Rd7 49. h3 Nd5 50. Ra6+ Ke5 51. Rg6 Nc3 52. Bc4 Ne4+
53. Kg2 Rd2+ 54. Kf1 Kd4 55. Ke1 Ke3 56. h4 Rg2 57. Kd1 gxh4 0-1

[Event "Bundesliga 9900"]
[Site "Deutschland"]
[Date "2000.04.08"]
[Round "14.6"]
[White "Heissler, Jakob"]
[Black "Pezerovic, Edin"]
[Result "1-0"]
[WhiteElo "2447"]
[BlackElo "2447"]
[PlyCount "127"]
[EventDate "1999.10.09"]
[EventType "team"]
[EventRounds "15"]
[EventCountry "GER"]
[SourceTitle "Bundesliga 9900"]
[Source "DeepChess"]
[SourceDate "2005.01.01"]
[SourceVersion "1"]
[SourceVersionDate "2005.01.01"]
[SourceQuality "1"]
[WhiteTeam "SAbt SV Werder Bremen"]
[BlackTeam "TV Tegernsee"]
[WhiteTeamCountry "GER"]
[BlackTeamCountry "GER"]

1. e4 c6 2. d3 d5 3. Nd2 e5 4. Ngf3 Bd6 5. g3 Ne7 6. Bg2 O-O 7. O-O f5 8. exd5
cxd5 9. c4 dxc4 10. Nxc4 Nbc6 11. Re1 Qc7 12. Bd2 f4 13. Rc1 Ng6 14. Ng5 fxg3
15. hxg3 Nge7 16. Nxd6 Qxd6 17. Qb3+ Kh8 18. Nf7+ Rxf7 19. Qxf7 Be6 20. Qh5 Rf8
21. Bc3 Bf5 22. Be4 Qf6 23. Rc2 h6 24. Rce2 Bxe4 25. dxe4 Nd4 26. Bxd4 exd4 27.
Qc5 Rd8 28. Rd2 Nc6 29. f4 Qe6 30. b3 Qg4 31. Rd3 a5 32. Qf5 Qxf5 33. exf5 Kg8
34. Kf2 Kf7 35. Kf3 Rd5 36. g4 Rc5 37. Red1 Rc2 38. R1d2 Rc1 39. Rd1 Rc2 40.
R1d2 Rc1 41. Rxd4 Nxd4+ 42. Rxd4 Rc2 43. Rd7+ Kf6 44. Rxb7 Rxa2 45. Rb6+ Kf7
46. g5 hxg5 47. fxg5 a4 48. Rb7+ Kf8 49. Kg4 axb3 50. Kh5 Ra6 51. Rxb3 g6+ 52.
Kh6 gxf5+ 53. g6 Ra1 54. Rb8+ Ke7 55. g7 Rh1+ 56. Kg6 Rg1+ 57. Kh7 Rh1+ 58. Kg8
Rg1 59. Rb5 Kf6 60. Kf8 Rg2 61. g8=Q Rxg8+ 62. Kxg8 Kg5 63. Kf7 Kg4 64. Ke6 1-0

[Event "Bundesliga 9900"]
[Site "Deutschland"]
[Date "2000.04.08"]
[Round "14.7"]
[White "Kachiani Gersinska, Ketino"]
[Black "Meins, Gerlef"]
[Result "1/2-1/2"]
[WhiteElo "2427"]
[BlackElo "2421"]
[PlyCount "126"]
[EventDate "1999.10.09"]
[EventType "team"]
[EventRounds "15"]
[EventCountry "GER"]
[SourceTitle "Bundesliga 9900"]
[Source "DeepChess"]
[SourceDate "2005.01.01"]
[SourceVersion "1"]
[SourceVersionDate "2005.01.01"]
[SourceQuality "1"]
[WhiteTeam "TV Tegernsee"]
[BlackTeam "SAbt SV Werder Bremen"]
[WhiteTeamCountry "GER"]
[BlackTeamCountry "GER"]

1. d4 g6 2. c4 Bg7 3. e4 Nc6 4. Be3 e5 5. d5 Nd4 6. Bxd4 exd4 7. Bd3 d6 8. Nd2
Nh6 9. Ne2 O-O 10. Qb3 a5 11. O-O-O a4 12. Qc2 Ng4 13. Rdf1 c6 14. Nf3 cxd5 15.
exd5 Bd7 16. Kb1 Rc8 17. Qd2 Qb6 18. a3 Rfe8 19. Qb4 Qxb4 20. axb4 Bf5 21. Bxf5
gxf5 22. Ng3 Rxc4 23. Re1 Ra8 24. Nxf5 Rxb4 25. h3 Nxf2 26. Ne7+ Kf8 27. Rhf1
Re8 28. Rxf2 Rxe7 29. Rxe7 Kxe7 30. Ng5 Bf6 31. Nxh7 Be5 32. Ng5 f6 33. Nf3 Rb5
34. h4 Rxd5 35. g4 Rb5 36. Ka2 d3 37. h5 Rb4 38. h6 Kf7 39. g5 Kg6 40. Nxe5+
fxe5 41. Rh2 d2 42. Rxd2 Rh4 43. Rxd6+ Kxg5 44. Re6 Kf5 45. Rb6 e4 46. Ka3 Rh1
47. Rb5+ Kf4 48. Rxb7 Rxh6 49. Rf7+ Ke5 50. Kxa4 e3 51. Rf1 Kd4 52. b4 e2 53.
Re1 Kd3 54. b5 Kd2 55. Rxe2+ Kxe2 56. Ka5 Kd3 57. b6 Kc4 58. b7 Rh8 59. Kb6 Kd5
60. Kc7 Rh7+ 61. Kb6 Rh8 62. Kc7 Kc5 63. b8=Q Rxb8 1/2-1/2